Drapeaux combinés #1 - Statistiques

Statistiques générales
  • Ce quiz a été pris 428 fois
  • Le résultat moyen est 9 sur 16
Statistiques - réponses
Par images Réponse % Correct
Albanie - Maroc
91%
Belgique - Andorre
83%
Italie - Saint-Marin
78%
Japon - Tunisie
72%
Union Soviétique - Chine
68%
Costa Rica - Corée du Nord
65%
Sainte Lucie - Palaos
64%
Irlande - Côte d'Ivoire
62%
Libéria - Malaisie
54%
Laos - Belize
53%
Guatemala - Mexique
52%
Iran - Tadjikistan
50%
Ouganda - Allemagne
49%
Luxembourg - Indonésie
9%
Vietnam - Yougoslavie
7%
Maurice - République CentrAfricaine
3%
Aucun quiz correspondant
Distribution des résultats
% des personnes avec chaque résultat
Percentile par nombre de réponses
Votre historique - résultats
Vous n’avez pas pris ce quiz